Online Catalogue and eLibrary

Kantha prathirupaya saha samaja muhunuwara (Record no. 5242)

MARC details
000 -LEADER
fixed length control field 00392nam a2200145Ia 4500
005 - DATE AND TIME OF LATEST TRANSACTION
control field 20250616021515.0
008 - FIXED-LENGTH DATA ELEMENTS--GENERAL INFORMATION
fixed length control field 240331s9999 xx 000 0 und d
082 ## - DDC Classification
Item Number - Author Mark PER
Class No. 305
100 ## - MAIN ENTRY--PERSONAL NAME
Personal name Perera,K.J
245 #0 - TITLE STATEMENT
Title Kantha prathirupaya saha samaja muhunuwara
260 ## - PUBLICATION, DISTRIBUTION, ETC.
Place of publication, distribution, etc. Colombo
Name of publisher, distributor, etc. Kusum Janaki Perera
Date of publication, distribution, etc. 1993
300 ## - PHYSICAL DESCRIPTION
Extent (e.g. Volumes, Pages etc.) 64 p .,
500 ## - GENERAL NOTE
General note The social face of and Women's Inage
942 ## - Koha item type (Biblio)
Koha item type Books in Stacks (Lending)
Holdings
Lost status Damaged status Collection code Home library Current library Shelving location Date acquired Full call number Accession Number Item type
    Lending WERC Library WERC Library Social Science Cupboard 03/31/2024 305.4 PER 3763 Books in Stacks (Lending)

© WERC Library